GPS : Theory,algorithms and applications

Gespeichert in:
Bibliographische Detailangaben
1. Verfasser: Xu, Guochang (Verfasst von)
Format: Buch
Sprache:Englisch
Veröffentlicht: Berlin : Springer Verlag, 2003
Tags: Tag hinzufügen
Keine Tags, Fügen Sie das erste Tag hinzu!

MARC

LEADER 00000nam a22000003a 4500
001 stu83261
005 20150617225638.7
008 040121s2003----gw------------------eng-d
020 |a 3-540-67812-3 
040 |a STU  |b slo 
041 0 |a eng 
044 |a gw 
080 |a 526.9 
100 1 |a Xu, Guochang  |4 aut 
245 1 |a GPS :  |b Theory,algorithms and applications 
260 |a Berlin :  |b Springer Verlag,  |c 2003 
300 |a 315 s.;tab.,schémy 
996 |c V*48319/O-21302  |l VV3  |s P  |a 0  |w stu83261_0001